| 000 | 00781nas a2200253 4500 | ||
|---|---|---|---|
| 001 | BR2013006059 | ||
| 003 | BR-BrBNA | ||
| 005 | 20231205122731.0 | ||
| 007 | ta | ||
| 008 | 230509b bl.|||p| |||| 00| 00por d | ||
| 040 |
_aBR-BrBNA _bpor _cBiblioteca Nacional de Agricultura |
||
| 041 | _a(Pt) | ||
| 072 | _aU40 | ||
| 100 | 1 | _aGusso, A. | |
| 245 | 1 | _aIntegração de imagens NOAA/AVHRR: Rede de cooperação para monitoramento nacional da safra de soja | |
| 650 | _aSOJA | ||
| 650 | _aPRODUTIVIDADE | ||
| 650 | _aSENSORIAMENTO REMOTO | ||
| 650 | _aCONDIÇÃO AMBIENTAL | ||
| 650 | _aESTIAGEM | ||
| 773 | 0 |
_tRevista Ceres (Brazil) _xISSN 0034-737X _g(Mar-Apr 2013), v. 60(2) p. 194-204 _wBR2013006059 |
|
| 909 |
_a202311 _bLúcia _c55 _dLúcia Elande |
||
| 942 |
_2AGRIS _n0 _cANA |
||
| 999 |
_c230240 _d230240 |
||